00889cam a22002891 4500001001300000003000400013005001700017008004100034010001700075035001900092040001800111041001100129042001200140050002000152082001100172100003400183245006100217260006100278300003400339490005100373502004100424504003100465600001800496650001600514830005200530999001700582sa 66004539 DLC20260227112243.0780114s1965 ii c 001 0 eng  asa 66004539  a(OCoLC)3558321 aDLCcMNSdDLC0 aengsan apremarc00aBL1175.D375bJ6 a294.551 aJoshi, Hariprasad Shivprasad.10aOrigin and development of Dattātreya worship in India. aBaroda,bMaharaja Sayajirao University of Baroda,c1965. axxiii, 225 p.bports.c25 cm.1 aM. S. University of Baroda research series,v9 aThesis - M. S. University of Baroda. aBibliography; p. [vii]-xx.00aDattātreya. 0aTrimūrti. 0aM.S. University of Baroda research series ;v9. c69477d69477